[Event "WC-2014-Q-00013"]
[Site "LSS email"]
[Date "2014.11.12"]
[Round "?"]
[White "Bergmann, Michael"]
[Black "Rosso, Pier Andrea"]
[Result "1-0"]
[WhiteElo "2534"]
[BlackElo "2408"]
[PlyCount "34"]
[EventDate "2014.11.20"]
[EventType "tourn (corr)"]
[EventRounds "12"]
[EventCountry "GER"]
[SourceTitle "Corr 2022"]
[Source "ChessBase"]
[SourceDate "2021.10.24"]
[SourceVersion "1"]
[SourceVersionDate "2021.10.24"]
[SourceQuality "1"]

1. d4 Nf6 2. c4 e5 3. dxe5 Ng4 4. e3 Nxe5 5. f4 Ng6 6. Nc3 Bc5 7. Bd3 d6 8. Nge2 Qh4+ 9. g3 Qh5 10. a3 Bb6 11. 0-0 Bh3 12. Rf2 0-0 13. Na4 Nd7 14. Nxb6 axb6 15. b4 Rfe8 16. Nc3 Qxd1+ 17. Nxd1 Nf6 1-0

[Event "WC-2014-Q-00013"]
[Site "LSS email"]
[Date "2014.11.12"]
[Round "?"]
[White "Rosso, Pier Andrea"]
[Black "Raffaele, Enzo"]
[Result "0-1"]
[WhiteElo "2408"]
[BlackElo "2213"]
[PlyCount "56"]
[EventDate "2014.11.20"]
[EventType "tourn (corr)"]
[EventRounds "12"]
[EventCountry "GER"]
[SourceTitle "Corr 2022"]
[Source "ChessBase"]
[SourceDate "2021.10.24"]
[SourceVersion "1"]
[SourceVersionDate "2021.10.24"]
[SourceQuality "1"]

1. d4 Nf6 2. Bf4 g6 3. e3 Bg7 4. Nf3 d6 5. Be2 0-0 6. 0-0 Nbd7 7. h3 b6 8. c4 Bb7 9. Nc3 Ne4 10. Nxe4 Bxe4 11. Rc1 e5 12. Bh2 Qe7 13. Nd2 Bb7 14. d5 a5 15. Ne4 Bc8 16. Qd2 f5 17. Nc3 Nc5 18. b3 f4 19. exf4 exf4 20. Rfe1 Be5 21. f3 Bd7 22. Kh1 Qh4 23. Nb5 Rac8 24. Bf1 Qg5 25. Bg1 Rf7 26. Bd3 Qh5 27. Bb1 Bxh3 28. gxh3 Qxh3+ 0-1

[Event "WC-2014-S-00010"]
[Site "LSS email"]
[Date "2014.01.13"]
[Round "?"]
[White "Koch, Christian"]
[Black "Rosso, Pier Andrea"]
[Result "1/2-1/2"]
[WhiteElo "2240"]
[BlackElo "2390"]
[PlyCount "148"]
[EventDate "2014.01.18"]
[EventType "tourn (corr)"]
[EventRounds "12"]
[EventCountry "GER"]
[SourceTitle "Corr 2022"]
[Source "ChessBase"]
[SourceDate "2021.10.24"]
[SourceVersion "1"]
[SourceVersionDate "2021.10.24"]
[SourceQuality "1"]

1. e4 c5 2. Nf3 d6 3. d4 cxd4 4. Nxd4 Nf6 5. f3 e5 6. Nb3 Be6 7. c4 Nbd7 8. Be3 b5 9. Na3 a6 10. Bf2 Be7 11. Be2 0-0 12. 0-0 bxc4 13. Bxc4 a5 14. Re1 Qb8 15. Qe2 Rc8 16. Rad1 Qb7 17. Bxe6 fxe6 18. Nc4 a4 19. Nc1 Rc6 20. Kh1 Bf8 21. Bh4 Qb5 22. b3 Be7 23. Bxf6 Nxf6 24. Qd2 Rca6 25. Re3 Nd7 26. Rd3 Nc5 27. Rc3 Rc6 28. Na3 Qb8 29. Nc4 h6 30. Qe1 Qc7 31. Ne3 axb3 32. axb3 Rb8 33. g3 h5 34. h4 Bd8 35. Qd2 Qf7 36. Qg2 Ba5 37. Rc4 Rc7 38. Rxd6 Nxb3 39. Rd1 Rd7 40. Rxd7 Qxd7 41. Qb2 Bd2 42. Nf1 Bxc1 43. Rxc1 Rb7 44. Re1 Nd4 45. Qf2 Qa4 46. f4 exf4 47. gxf4 Rb4 48. Nh2 Rb3 49. Qd2 Rh3 50. Qg2 Qb3 51. Rg1 Qf3 52. Rf1 Qg3 53. Qxg3 Rxg3 54. Rd1 Ne2 55. f5 Kf7 56. Re1 Nd4 57. fxe6+ Kxe6 58. Ra1 Ne2 59. Re1 Nf4 60. Rg1 Rxg1+ 61. Kxg1 Ke5 62. Kf2 Ng6 63. Nf3+ Kxe4 64. Ng5+ Ke5 65. Kg3 Ne7 66. Nf3+ Ke4 67. Nd2+ Kd3 68. Nf1 Ke2 69. Nh2 Ng6 70. Nf3 Ke3 71. Nh2 Ne5 72. Nf1+ Ke2 73. Nh2 Ng6 74. Nf3 Ke3 1/2-1/2

[Event "WC-2014-S-00010"]
[Site "LSS email"]
[Date "2014.01.13"]
[Round "?"]
[White "Rosso, Pier Andrea"]
[Black "Koch, Christian"]
[Result "1-0"]
[WhiteElo "2390"]
[BlackElo "2240"]
[PlyCount "157"]
[EventDate "2014.01.18"]
[EventType "tourn (corr)"]
[EventRounds "12"]
[EventCountry "GER"]
[SourceTitle "Corr 2022"]
[Source "ChessBase"]
[SourceDate "2021.10.24"]
[SourceVersion "1"]
[SourceVersionDate "2021.10.24"]
[SourceQuality "1"]

1. d4 Nf6 2. Bf4 c5 3. e3 e6 4. Nf3 Qb6 5. Nc3 Nc6 6. a3 a6 7. Be2 d5 8. h3 cxd4 9. exd4 Ne7 10. Bd3 Bd7 11. Qc1 Ng6 12. Bh2 Rc8 13. a4 Bb4 14. 0-0 Be7 15. Ne2 0-0 16. c3 Rfe8 17. Re1 a5 18. Qc2 Bc6 19. Nc1 Ne4 20. Nb3 f5 21. Ne5 Bh4 22. Re2 Nxe5 23. Bxe5 Bf6 24. Bh2 Bd7 25. Bf4 Kh8 26. Kh1 Bh4 27. Kg1 Bf6 28. Bh2 Kg8 29. Qd1 Bh4 30. Bc2 Rf8 31. Be5 Be8 32. f3 Ng3 33. Rd2 Qd8 34. Kh2 f4 35. Qb1 g6 36. Nc5 Qe7 37. Kg1 g5 38. Bd3 b6 39. Na6 Rf7 40. b4 axb4 41. Nxb4 g4 42. hxg4 Bf6 43. Bxf4 Bg5 44. Bxg5 Qxg5 45. Qe1 Qh4 46. Qe5 Qh1+ 47. Kf2 Qxa1 48. Kxg3 Ra8 49. Qe3 Bd7 50. Ra2 Qh1 51. Re2 h5 52. Re1 h4+ 53. Kf2 Qh2 54. Nxd5 Qg3+ 55. Kf1 Qxg4 56. Ne7+ Kg7 57. Qe5+ Kh6 58. Re4 Qg3 59. Qxg3 hxg3 60. Rh4+ Kg7 61. Rg4+ Kh8 62. Ng6+ Kg8 63. Ne5+ Kf8 64. Rxg3 Rxa4 65. Nxf7 Kxf7 66. Rh3 Ra1+ 67. Kf2 Ra2+ 68. Ke3 Rxg2 69. c4 Ke7 70. Rh7+ Kd8 71. Be4 Bc8 72. c5 bxc5 73. dxc5 e5 74. c6 Be6 75. Rh5 Kc7 76. Rxe5 Kd6 77. Rh5 Rg1 78. Rh6 Ke7 79. f4 1-0

[Event "WC-2013-Q-00008"]
[Site "LSS email"]
[Date "2013.10.22"]
[Round "?"]
[White "Conterno, Dominique"]
[Black "Rosso, Pier Andrea"]
[Result "1/2-1/2"]
[WhiteElo "2229"]
[BlackElo "2382"]
[PlyCount "89"]
[EventDate "2013.10.27"]
[EventType "tourn (corr)"]
[EventRounds "12"]
[EventCountry "GER"]
[SourceTitle "Corr 2022"]
[Source "ChessBase"]
[SourceDate "2021.10.24"]
[SourceVersion "1"]
[SourceVersionDate "2021.10.24"]
[SourceQuality "1"]

1. e4 c5 2. d4 cxd4 3. c3 dxc3 4. Nxc3 d6 5. Nf3 Nc6 6. Bc4 e6 7. 0-0 Nf6 8. Qe2 Be7 9. Rd1 e5 10. Be3 0-0 11. Rac1 Be6 12. b4 Bxc4 13. Qxc4 Rc8 14. Qb3 h6 15. Nd5 Re8 16. b5 Na5 17. Nxf6+ Bxf6 18. Qd5 Rxc1 19. Rxc1 Re7 20. h4 Rc7 21. Rxc7 Qxc7 22. Bxa7 b6 23. Qa8+ Qd8 24. Qb8 Qxb8 25. Bxb8 Nc4 26. Kf1 Kf8 27. Ke2 Ke7 28. Kd3 Nb2+ 29. Kc2 Na4 30. h5 Ke6 31. Nd2 d5 32. exd5+ Kxd5 33. f3 Be7 34. Bc7 g6 35. g4 gxh5 36. gxh5 Bg5 37. Ne4 Bf4 38. Kb3 Nc5+ 39. Nxc5 Kxc5 40. a4 f5 41. a5 bxa5 42. Ka4 Kd5 43. b6 Kc6 44. Kxa5 Be3 45. Bxe5 1/2-1/2

[Event "WC-2013-Q-00008"]
[Site "LSS email"]
[Date "2013.10.22"]
[Round "?"]
[White "Rosso, Pier Andrea"]
[Black "Silva Filho, Alcindo Luz Bastos"]
[Result "1-0"]
[WhiteElo "2382"]
[BlackElo "2165"]
[PlyCount "93"]
[EventDate "2013.10.27"]
[EventType "tourn (corr)"]
[EventRounds "12"]
[EventCountry "GER"]
[SourceTitle "Corr 2022"]
[Source "ChessBase"]
[SourceDate "2021.10.24"]
[SourceVersion "1"]
[SourceVersionDate "2021.10.24"]
[SourceQuality "1"]

1. e4 c5 2. Nf3 Nc6 3. d4 cxd4 4. Nxd4 e6 5. Nc3 Qc7 6. Be2 a6 7. 0-0 Nf6 8. Be3 Be7 9. f4 d6 10. Qe1 0-0 11. Qg3 Nxd4 12. Bxd4 b5 13. a3 Bb7 14. Rad1 Bc6 15. Bf3 Rac8 16. Rd3 h6 17. Kh1 a5 18. Re1 Rcd8 19. Nd5 exd5 20. exd5 Ba8 21. Rxe7 Qxe7 22. Re3 Qxe3 23. Bxe3 Nxd5 24. Bd2 f6 25. Bxa5 Rc8 26. Bd1 Rfe8 27. Bd2 Nb6 28. Be3 Nc4 29. Bd4 Rc7 30. Kg1 f5 31. Bh5 Re4 32. Qc3 Rce7 33. Bf2 Kh7 34. Bf3 Bb7 35. Bxe4 fxe4 36. Qb4 e3 37. Be1 Rc7 38. b3 Nb2 39. c4 d5 40. Qc3 Nxc4 41. Qd3+ Kh8 42. bxc4 Rxc4 43. Qxe3 Re4 44. Qd2 Kg8 45. Bf2 Kh7 46. f5 Rg4 47. Qd3 1-0

[Event "BI-2013-P-00006"]
[Site "LSS email"]
[Date "2013.04.22"]
[Round "?"]
[White "Mokeev, Valery"]
[Black "Rosso, Pier Andrea"]
[Result "1/2-1/2"]
[WhiteElo "1510"]
[BlackElo "2315"]
[PlyCount "70"]
[EventDate "2013.04.25"]
[EventType "tourn (corr)"]
[EventRounds "10"]
[EventCountry "GER"]
[SourceTitle "Telechess CBM 167"]
[Source "ChessBase"]
[SourceDate "2015.07.13"]
[SourceVersion "1"]
[SourceVersionDate "2015.07.13"]
[SourceQuality "1"]

1. c4 Nf6 2. Nf3 c5 3. Nc3 Nc6 4. g3 g6 5. Bg2 Bg7 6. 0-0 0-0 7. d4 d6 8. dxc5 dxc5 9. Be3 b6 10. Ne5 Nxe5 11. Qxd8 Rxd8 12. Bxa8 Nxc4 13. Bc1 Be6 14. Bg2 Ne8 15. Rd1 Ned6 16. Rb1 Na3 17. Ra1 Nc2 18. Rb1 Nd4 19. Bg5 Kf8 20. e3 Nc2 21. Bf4 Nb4 22. Bxd6 exd6 23. Rd2 Nxa2 24. Nxa2 Bxa2 25. Ra1 Be6 26. Rxa7 b5 27. f4 b4 28. Kf2 d5 29. e4 Bd4+ 30. Rxd4 cxd4 31. exd5 Bxd5 32. Bxd5 Rxd5 33. Ke2 Rh5 34. h4 Rc5 35. Kd3 Rc1 1/2-1/2

[Event "BI-2013-P-00006"]
[Site "LSS email"]
[Date "2013.04.22"]
[Round "?"]
[White "Pauk, Jozef"]
[Black "Rosso, Pier Andrea"]
[Result "0-1"]
[WhiteElo "835"]
[BlackElo "2315"]
[PlyCount "46"]
[EventDate "2013.04.25"]
[EventType "tourn (corr)"]
[EventRounds "10"]
[EventCountry "GER"]
[SourceTitle "Telechess CBM 167"]
[Source "ChessBase"]
[SourceDate "2015.07.13"]
[SourceVersion "1"]
[SourceVersionDate "2015.07.13"]
[SourceQuality "1"]

1. Nf3 c5 2. c4 Nf6 3. d3 Nc6 4. e4 e6 5. Be2 d5 6. Bg5 dxe4 7. dxe4 Qxd1+ 8. Bxd1 Nxe4 9. Bc2 Nxg5 10. Nxg5 Be7 11. h4 Bd7 12. Nc3 Ne5 13. 0-0-0 h6 14. Nge4 Nxc4 15. g4 0-0-0 16. Bb3 Ne5 17. g5 Bc6 18. Rxd8+ Kxd8 19. Rd1+ Kc7 20. Na4 Bxe4 21. Bc2 Bxc2 22. Kxc2 hxg5 23. hxg5 Rh2 0-1